000 00612nam a22002177a 4500
003 OSt
008 260316b2021 |||||||| |||| 00| 0 eng d
020 _a9789390831951
082 _a658.404
_bAGR-T
100 _aAgrawal, Rashmi
245 _aTaxmann's project appraisal & management /
_cRashmi Agrawal and Yogieta S. Mehra
260 _aNew Delhi :
_bTaxmann,
_c2021.
300 _avp. ;
650 _aProject management
650 _aProject appraisal
650 _aCapital Budgeting
650 _aProject evaluation
650 _aInvestment analysis
700 _aMehra, Yogieta S.
942 _2ddc
_cBK
999 _c21622
_d21622